<?xml version="1.0" encoding="UTF-8"?><?xml-stylesheet type="text/xsl" href="static/style.xsl"?><OAI-PMH xmlns="http://www.openarchives.org/OAI/2.0/" xmlns:xsi="http://www.w3.org/2001/XMLSchema-instance" xsi:schemaLocation="http://www.openarchives.org/OAI/2.0/ http://www.openarchives.org/OAI/2.0/OAI-PMH.xsd"><responseDate>2026-06-02T16:17:39Z</responseDate><request verb="GetRecord" identifier="oai:riuma.uma.es:10630/30391" metadataPrefix="marc">https://riuma.uma.es/rest/oai/request</request><GetRecord><record><header><identifier>oai:riuma.uma.es:10630/30391</identifier><datestamp>2026-02-03T12:36:36Z</datestamp><setSpec>com_10630_2254</setSpec><setSpec>col_10630_37957</setSpec></header><metadata><record xmlns="http://www.loc.gov/MARC21/slim" xmlns:dcterms="http://purl.org/dc/terms/" xmlns:doc="http://www.lyncode.com/xoai" xmlns:xsi="http://www.w3.org/2001/XMLSchema-instance" xsi:schemaLocation="http://www.loc.gov/MARC21/slim http://www.loc.gov/standards/marcxml/schema/MARC21slim.xsd">
   <leader>00925njm 22002777a 4500</leader>
   <datafield ind2=" " ind1=" " tag="042">
      <subfield code="a">dc</subfield>
   </datafield>
   <datafield ind2=" " ind1=" " tag="720">
      <subfield code="a">Barni, Luca</subfield>
      <subfield code="e">author</subfield>
   </datafield>
   <datafield ind2=" " ind1=" " tag="260">
      <subfield code="c">2024</subfield>
   </datafield>
   <datafield ind2=" " ind1=" " tag="520">
      <subfield code="a">Las enfermedades musculoesqueléticas (MSK), definidas como enfermedades que afectan el sistema locomotor, incluidos músculos, huesos, articulaciones, tendones y ligamentos, tienen un impacto cada vez mayor en todo el mundo. Las personas afectadas por MSK, segun la region afectada se distribuyen de la siguiente manera:&#xd;
&#xd;
• Espalda (en general) 60% (rango 38–72%),&#xd;
• Zona cervical 54% (rango 18–83%),&#xd;
• Cuello 51% (rango 32–69%),&#xd;
• Hombro 50% (rango 23–78%),&#xd;
• Zona Lumbar 47 % (rango 24–71 %)&#xd;
• Muñeca: 42 % (rango 14–64 %)&#xd;
&#xd;
Esta tesis doctoral, plantea responder las siguientes preguntas para realizar una investigación adecuada a nuestro propósito:&#xd;
1. ¿Cuáles son las características estructurales de los cuestionarios de la columna de lengua italiana?&#xd;
2. ¿Cuáles son las características psicométricas de los cuestionarios de la columna de lengua italiana?&#xd;
3. ¿Cuáles son las características estructurales de los cuestionarios de miembros superiores en italiano?&#xd;
4. ¿Cuáles son las características psicométricas de los cuestionarios de miembros superiores en italiano?&#xd;
5. ¿Cuáles son las características estructurales de los cuestionarios de miembros inferiores en italiano?&#xd;
6. ¿Cuáles son las características psicométricas de los cuestionarios de miembros inferiores en italiano?</subfield>
   </datafield>
   <datafield ind1="8" ind2=" " tag="024">
      <subfield code="a">https://hdl.handle.net/10630/30391</subfield>
   </datafield>
   <datafield tag="653" ind2=" " ind1=" ">
      <subfield code="a">Aparato locomotor - Enfermedades</subfield>
   </datafield>
   <datafield ind2="0" ind1="0" tag="245">
      <subfield code="a">Valoración de los resultados en rehabilitación neuromusculoesquelética: Análisis de las características estructurales y psicométricas de los cuestionarios traducidos en italiano.</subfield>
   </datafield>
</record>
</metadata></record></GetRecord></OAI-PMH>